Psychology in use
Na minha lista:
| Autor principal: | |
|---|---|
| Formato: | Livro |
| Idioma: | Undetermined |
| Publicado em: |
New York
American Book Company
1941
|
| Assuntos: | |
| Tags: |
Adicionar Tag
Sem tags, seja o primeiro a adicionar uma tag!
|
| Thư viện lưu trữ: | Trung tâm Học liệu Trường Đại học Cần Thơ |
|---|
| LEADER | 00475nam a2200181Ia 4500 | ||
|---|---|---|---|
| 001 | CTU_90059 | ||
| 008 | 210402s9999 xx 000 0 und d | ||
| 082 | |a 150 | ||
| 082 | |b G778 | ||
| 100 | |a Gray, J. Stanley | ||
| 245 | 0 | |a Psychology in use | |
| 245 | 0 | |c J. Stanley Gray | |
| 260 | |a New York | ||
| 260 | |b American Book Company | ||
| 260 | |c 1941 | ||
| 650 | |a Psychology, applied | ||
| 904 | |i Mai Loan,Hải | ||
| 980 | |a Trung tâm Học liệu Trường Đại học Cần Thơ | ||